000 01725nam a2200457 i 4500
001 111037
003 FlNmELB
005 20241217174217.0
006 m o d |
007 cr cnu||||||||
008 180910s2017 sp o 000 0 spa d
020 _z9788490127438
020 _a9788490127445 (e-book)
035 _a(MiAaPQ)EBC5486441
035 _a(Au-PeEL)EBL5486441
035 _a(CaPaEBR)ebr11598453
035 _a(OCoLC)1105877862
040 _aFINmELB
_bspa
_erda
_cFINmELB
050 4 _aKHD5649
_bB827 2017
080 _a341.48(81)
082 0 _a345.0235
_223
110 0 _aBrazil.
_bComissão Nacional da Verdade.
245 1 0 _aInforme de la Comisión Nacional de la Verdad de Brasil.
_nvol. I-II.
264 1 _aSalamanca :
_bEdiciones Universidad de Salamanca,
_c2017.
300 _a1 recurso en línea (655 páginas)
336 _atexto
_btxt
_2rdacontent/spa
337 _acomputadora
_bc
_2rdamedia/spa
338 _arecurso en línea
_bcr
_2rdacarrier/spa
490 1 _aBiblioteca de América ;
_v56
588 _aDescripción basada en recurso en línea; Título de la página del título en PDF (e-libro, visto September 10, 2018).
590 _aRecurso electrónico. Santa Fe, Arg.: e-libro, 2018. Disponible vía World Wide Web. El acceso puede estar limitado para las bibliotecas afiliadas a e-libro.
650 0 _aCrimes against humanity
_zBrazil.
650 0 _aPolitical persecution
_zBrazil
_xHistory
_y20th century.
650 4 _aCrimen.
650 4 _aPolítica.
651 4 _aBrasil.
655 4 _aLibros electrónicos.
797 2 _ae-libro, Corp.
830 0 _aBiblioteca de América ;
_v56.
856 4 0 _uhttps://elibro.net/ereader/politecnicointernacional/55878
999 _c111037
_d111037